|
ห้องสมุด วิทยาลัยพยาบาลบรมราชชนนี อุดรธานี
Boromarajonani College of Nursing, Udonthani
|


|
mysqli: Table './ulib2015/stat_globaluid' is marked as crashed and last (automatic?) repair failed
select id from stat_globaluid where statuid='20260418005057_4131'
mysqli: Table './ulib2015/stat_globaluid' is marked as crashed and last (automatic?) repair failed
DELETE FROM stat_globaluid
WHERE id NOT IN (
SELECT id
FROM (
SELECT id
FROM stat_globaluid
ORDER BY id DESC
LIMIT 100
) foo
);
mysqli: Table './ulib2015/stat_globaluid' is marked as crashed and last (automatic?) repair failed
insert into stat_globaluid set
statuid='20260418005057_4131',
dt='1776448257',
phpself='/ULIB/dublinfull.php',
agent='Mozilla/5.0 AppleWebKit/537.36 (KHTML, like Gecko; compatible; ClaudeBot/1.0; +claudebot@anthropic.com)',
yea='2026',
mon='4',
dat='18',
ip='216.73.216.55'
| LEADER 00674nam 2200229 a 4500 |
| 001 12655 |
| 003 ULIBM |
| 008 101011s2541 th m a001 0 tha d |
| 020 ^a974-246-358-1
|
| 050 4 ^aP^bผ259ล 2541
|
| 245 ^a ^a1111 |
| 250 ^aพิมพ์ครั้งที่ 6.
|
| 300 ^a 161 หน้า.
|
| 650 7 ^aการอ่าน การเขียน การพูด การฟัง
|
| 700 0 ^aลักษณะภาษาไทย
|
| 945 ^p0^l0^i17888
|
| 945 ^p0^l0^i17889
|
| 945 ^p0^l0^i17890
|
| 945 ^p0^l0^i17891
|
| 945 ^p0^l0^i17892 |
| 999 ^aลิขิตลักษณ์
|
| คุณยังไม่ได้ล็อกอิน คุณสามารถมีกิจกรรมร่วมกับเว็บไซต์ได้ แต่ต้องล็อกอินก่อน :: |
|
| ลำดับที่ |
ประเภท |
เลขเรียก/บาร์โค้ด |
สถานที่ |
สถานะ |
| 1. |
 หนังสือภาษาไทย | P ผ259ล 2541 ฉ.5 Barcode: 17892 | หนังสือทั่วไป | On Shelf |
| [แสดง 1/1 รายการ] |
mysqli: Can't create/write to file '/var/tmp/#sql_59d_0.MAI' (Errcode: 2)
select * from index_db where titl like '%ลักษณะเฉพาะของภาษาไทย/ ผะอบ โปษกฤษณะ%' and mid<>'12655' order by rand() limit 3
mysqli: Can't create/write to file '/var/tmp/#sql_59d_0.MAI' (Errcode: 2)
select * from index_db where subj like '%การอ่าน การเขียน การพูด การฟัง%' and mid<>'12655' order by rand() limit 3
|
ยังไม่เคยถูกคอมเมนท์
|
| คอมเมนท์ทรัพยากรรายการนี้ |
|